000 00414nam a22001457a 4500
005 20260303125509.0
008 260303b |||||||| |||| 00| 0 eng d
020 _a978 9914 44 748 4
050 _aPE 1128.K56 2025 V.10
100 _aKIOKO, ANGELINA
245 _aOXFORD HEAD START ENGLISH
260 _aNAIROBI,KENYA
_bOXFORD UNIVERSITY PRESS
_c2025
650 _aKAMANTHE EUNICE,AMAYO DAVID
942 _2lcc
_cBK
999 _c216767
_d216767